书目信息 |
| 题名: |
经济法学
|
|
| 作者: | 梁时伟 主编 | |
| 分册: | ||
| 出版信息: | 成都 西南交通大学出版社 1999.12 |
|
| 页数: | 507页 | |
| 开本: | 32开 | |
| 丛书名: | ||
| 单 册: | ||
| 中图分类: | D922.29 | |
| 科图分类: | ||
| 主题词: | 法律--中国 | |
| 电子资源: | ||
| ISBN: | 7-81057-384-5 | |
| 000 | 00541nam0 2200193 45 | |
| 001 | 0011161617 | |
| 005 | 20001116164829.0 | |
| 010 | @a7-81057-384-5@d18.50元 | |
| 100 | @a20001116d1999 km y0chiy0120 ea | |
| 101 | 0 | @achi |
| 105 | @a z 000yy | |
| 200 | 1 | @a经济法学@AJing Ji Fa Xue@f梁时伟主编@FLiang Shi Wei Zhu Bian |
| 210 | @a成都@c西南交通大学出版社@d1999.12 | |
| 215 | @a507页@d32开 | |
| 606 | 0 | @a法律@x中国 |
| 690 | @aD922.29@v3 | |
| 701 | 0 | @a梁时伟@4主编 |
| 801 | @aCN@bPftUser@c20001116 | |
| 905 | @b409377-381@dD922.29@eL873@f5 | |
| 经济法学/梁时伟主编.-成都:西南交通大学出版社,1999.12 |
| 507页;32开 |
| ISBN 7-81057-384-5:18.50元 |
| ● |
| 相关链接 |
|
|
|
正题名:经济法学
索取号:D922.29/L873
 
预约/预借
| 序号 | 登录号 | 条形码 | 馆藏地/架位号 | 状态 | 备注 |
| 1 | 409377 | 204093774 | 社科库509/509社科库 87排3列4层/ [索取号:D922.29/L873] | 在馆 | |
| 2 | 409378 | 204093783 | 社科库509/422社科库 40排4列3层/ [索取号:D922.29/L873] | 在馆 | |
| 3 | 409379 | 204093792 | 社科库509/422社科库 40排4列3层/ [索取号:D922.29/L873] | 在馆 | |
| 4 | 409380 | 204093809 | 社科库509/509社科库 87排3列4层/ [索取号:D922.29/L873] | 在馆 | |
| 5 | 409381 | 204093818 | 社科库509/509社科库 87排3列4层/ [索取号:D922.29/L873] | 在馆 |